000 00821nam a22002057a 4500
999 _c63192
_d63192
003 Ge_BSU
005 20250624144938.0
008 250624s2024 ge ||||| |||| 00| 0 geo d
020 _a9789941990717
041 _ageo
080 _a349.2(479.22) ძ-21
100 _aძამუკაშვილი , დავით
_9925
245 _aშრომის სამართალი /
_cდავით ძამუკაშვილი.
250 _aმეექვსე გადამუშავებული გამოცემა
264 _aთბილისი :
_bბონა კაუზა,
_c2024.
300 _a357 გვ.;
_b21 სმ.
490 _aიურისტის ბიბლიოთეკა
653 _aშრომის სამართალი
942 _2udc
_cBK